000 00541nam a2200193 i 4500
001 147810
003 ES-MaACL
005 20250824230752.0
007 t|
008 071005q1978 sp ||||1| spa d
100 1 _aUrteaga Loidi, Jesús.
_9112263
245 1 4 _aLos defectos de los santos /
_cJesús Urteaga Loidi.
260 _aMadrid :
_bRialp,
_c[1978]
300 _a413 p. :
_bil. ;
_c19 cm.
490 1 _aPatmos
830 0 0 _aPatmos (Rialp)
_9181154
852 _aES-MaACL
_jA-9319
_bR.98792
999 _c147810
_d147810